000
00296nam a22001337a 4500
008
171215b xxu||||| |||| 00| 0 eng d
020
_a
9781256410096
041
_a
eng
080
_a
61
100
_a
3
101
_a
MJE
245
_a
MEDICAL ASSISTING WORKBOOK
_c
MARGARET.S
942
_2
udc
_c
BK
999
_c
38983
_d
38983